Logo CIB grande

COMPUTER SYSTEMS: A PROGRAMMER'S PERSPECTIVE (Registro nro. 237198)

Detalles MARC
000 -LEADER
campo de control de longitud fija 00617nam a2200229Ia 4500
005 - FECHA Y HORA DE LA ÚLTIMA TRANSACCIÓN
campo de control 20250425162826.0
008 - DATOS DE LONGITUD FIJA--INFORMACIÓN GENERAL
campo de control de longitud fija 250425s9999 xx 000 0 und d
020 ## - NÚMERO INTERNACIONAL ESTÁNDAR DEL LIBRO
Número Internacional Estándar del Libro 9780134092669
041 ## - CÓDIGO DE IDIOMA
Código de lengua del texto/banda sonora o título independiente eng
082 ## - NÚMERO DE LA CLASIFICACIÓN DECIMAL DEWEY
Número de clasificación 005.3
Iniciales del Autor BRY
010 ## - NÚMERO DE CONTROL DE LA BIBLIOTECA DEL CONGRESO
Número de control de LC 110504
100 ## - ENTRADA PRINCIPAL--NOMBRE DE PERSONA
Nombre de persona BRYANT, RANDAL E.
245 #0 - MENCIÓN DEL TÍTULO
Título COMPUTER SYSTEMS: A PROGRAMMER'S PERSPECTIVE
250 ## - MENCION DE EDICION
Mención de edición 3A. ED.
264 ## - PRODUCCIÓN, PUBLICACIÓN, DISTRIBUCIÓN, FABRICACIÓN Y COPYRIGHT
Producción, publicación, distribución, fabricación y copyright Estados Unidos, NEW YORK
Nombre del de productor, editor, distribuidor, fabricante PEARSON
Fecha de producción, publicación, distribución, fabricación o copyright 2016.
300 ## - DESCRIPCIÓN FÍSICA
Extensión 1084
650 ## - PUNTO DE ACCESO ADICIONAL DE MATERIA--TÉRMINO DE MATERIA
Término de materia o nombre geográfico como elemento de entrada COMPUTADORAS
650 ## - PUNTO DE ACCESO ADICIONAL DE MATERIA--TÉRMINO DE MATERIA
Término de materia o nombre geográfico como elemento de entrada INTERFACES DE USUARIO (SISTEMAS INFORMATICOS)
650 ## - PUNTO DE ACCESO ADICIONAL DE MATERIA--TÉRMINO DE MATERIA
Término de materia o nombre geográfico como elemento de entrada TELECOMUNICACIONES
700 ## - ENTRADA AGREGADA--NOMBRE PERSONAL
Nombre de persona OHALLARON, DAVID R.
942 ## - ELEMENTOS DE ENTRADA SECUNDARIOS (KOHA)
Tipo de ítem Koha Libros
Existencias
Estatus retirado Estado de pérdida Estado de daño No para préstamo Biblioteca de origen Biblioteca actual Ubicación en estantería Fecha de adquisición Coste, precio normal de compra Etiqueta RFID Total de préstamos Código de barras Copia número Tipo de ítem Koha Visto por última vez Fecha del último préstamo
        CENTRO DE INFORMACIÓN BIBLIOTECARIA CENTRO DE INFORMACIÓN BIBLIOTECARIA   08/11/2019 195.00 0000000000000000034520   71175 1 Libros    
        CENTRO DE INFORMACIÓN BIBLIOTECARIA CENTRO DE INFORMACIÓN BIBLIOTECARIA   08/11/2019 195.00 0000000000000000034519   71176 2 Libros    
        CENTRO DE INFORMACIÓN BIBLIOTECARIA CENTRO DE INFORMACIÓN BIBLIOTECARIA   08/11/2019 195.00 0000000000000000034522 1 71177 3 Libros 14/10/2025 07/10/2025
        CENTRO DE INFORMACIÓN BIBLIOTECARIA CENTRO DE INFORMACIÓN BIBLIOTECARIA   08/11/2019 195.00 0000000000000000034521   71178 4 Libros    

Copyright 2025 ESPOL. Todos los derechos reservados.